| 000 | 00794nam a2200205 a 4500 | ||
|---|---|---|---|
| 001 | 000023487 | ||
| 005 | 20200930022244.0 | ||
| 008 | 101209s2001 ve r 000 | spa | ||
| 020 | _a0847701131 | ||
| 040 |
_aDO-SdBNP _bspa _cBNPHU |
||
| 082 |
_a370.97295 _bH673e |
||
| 245 | 0 | 0 |
_aHistoria y educación : _bacercamiento a la historia social de la educación en Puerto Rico / _ccompilado por Rubén Maldonado Jiménez ; prólogo de Fernando Picó. |
| 260 |
_aSan Juan, (Puerto Rico) : _bUniversidad de Puerto Rico, _c2001. |
||
| 300 |
_a203 p. ; _c23 cm. |
||
| 650 | 4 |
_aEducación _zPuerto Rico _xHistoria _948392 |
|
| 650 | 4 |
_aSociología de la educación _zPuerto Rico _948393 |
|
| 700 | 1 |
_aMaldonado Jiménez, Rubén _ecomp. _948394 |
|
| 700 | 1 |
_aPicó, Fernando _epról. _916158 |
|
| 049 | _aBNGR | ||
| 999 |
_c22983 _d22983 |
||